Comportamiento del consumidor : (Registro nro. 29547)
[ vista simple ]
| 000 -CABECERA | |
|---|---|
| Longitud fija campo de control | 01720nam a2200241 a 4500 |
| 003 - • IDENTIFICADOR DELl NÚMERO DE CONTROL | |
| Identificador del número de control | CO-ViMGA |
| 008 - • CÓDIGOS DE INFORMACIÓN DE LONGITUD FIJA | |
| Códigos de información de longitud fija | 141112s2004 ck r 000 u spa d |
| 020 ## - • NÚMERO INTERNACIONAL NORMALIZADO PARA LIBROS | |
| Número Internacional Normalizado para Libros (ISBN) | 9701035275 |
| 040 ## - FUENTE DE LA CATALOGACIÓN | |
| Centro catalogador de origen | CO-ViMGA |
| Lengua de catalogación | spa |
| Centro transcriptor | CO-ViMGA |
| 082 04 - • NÚMERO DE LA CLASIFICACIÓN DECIMAL DEWEY | |
| Número de clasificación (R) | 658.8342 A735c |
| 100 1# - • PUNTO DE ACCESO PRINCIPAL-NOMBRE DE PERSONA | |
| Nombre de persona | Arellano Cueva, Rolando |
| 245 10 - • TITULO PROPIAMENTE DICHO | |
| Título | Comportamiento del consumidor : |
| Resto del título | Enfoque América latina |
| 300 ## - • DESCRIPCIÓN FÍSICA | |
| Extensión | 457p |
| 505 ## - • NOTA DE CONTENIDO CON FORMATO | |
| Nota de contenido con formato | Que relación tiene el comportamiento del consumidor con el marketing 1 - - Buscando la clave del exito : por que compran los consumidores 31 - - Cómo influyen los aspectos biológicos y demográficos en el comportamiento del consumidor 5 - - Todo depende del cristal con que se mire : las sensaciones y la percepción 77 - - Las necesidades y las motivaciones : podoemos crearlas 135 - - Por que preferimos esto o aquello : las actitudes 187 - - Cómo aprendemos a consuomir : el aprendizaje y su relación con el marketing 221 - - Más vale viejo conocido que nuevo por conocer : la lealtad de marca 247 - - No todo es dinero : los aspectos económicos del consumo 279 - - Iguales pero diferentes : la cultura y su influencia en el comportamiento del consumidor 321 - - Los grupos sociales y su comportamiento de consumo 349 - - La unidad fundamental de consumo : la familia 395 - - Una visión de decisiones de compra 423 |
| 590 ## - NOTAS LOCALES | |
| Nota local | Forma de adquisición : Compra fact.0537 - - Precio : 69000 - - Proveedor : Temas y libros - - Fecha de adquisición : Abril 2006 |
| 650 14 - • PUNTO DE ACCESO ADICIONAL DE MATERIA - TÉRMINO DE MATERIA | |
| Término de materia o nombre geográfico como elemento inicial | ANALISIS DEL MERCADEO |
| 650 14 - • PUNTO DE ACCESO ADICIONAL DE MATERIA - TÉRMINO DE MATERIA | |
| Término de materia o nombre geográfico como elemento inicial | COMPORTAMIENTO DEL CONSUMIDOR |
| 650 14 - • PUNTO DE ACCESO ADICIONAL DE MATERIA - TÉRMINO DE MATERIA | |
| Término de materia o nombre geográfico como elemento inicial | CONSUMIDORES - ACTITUDES |
| 650 14 - • PUNTO DE ACCESO ADICIONAL DE MATERIA - TÉRMINO DE MATERIA | |
| Término de materia o nombre geográfico como elemento inicial | MERCADEO |
| 942 ## - ENTRADA DE ELEMENTOS AGREGADOS (KOHA) | |
| Fuente de clasificaión o esquema | Dewey Decimal Classification |
| Koha [por defecto] tipo de item | LIbro |
| Perdido | Fuente de clasificación o esquema | Estado Físico | No para préstamo | Forma de adquisición | Localización permanente | Localización actual | Fecha adquisición | Serie de enumeración / cronolog&íacute;a | Préstamos totales | Signatura completa | Código de barras | Fecha última consulta | Fecha último préstamo | Número de copia | Fecha del precio de reemplazo | Tipo de item de Koha |
|---|---|---|---|---|---|---|---|---|---|---|---|---|---|---|---|---|
| Dewey Decimal Classification | Sala Especializada Tercer Piso | Biblioteca Pública Germán Arciniegas - Villavicencio | Biblioteca Pública Germán Arciniegas - Villavicencio | 12/04/2015 | Volumen. 1 | 11/jun/2009 | 1 | 658.8342 A735c | 20553 | 07/26/2018 | 07/19/2018 | Ej. 1 | 12/04/2015 | LIbro |